Filosofía de la historia
Saved in:
| Format: | Bog |
|---|---|
| Sprog: | spansk |
| Udgivet: |
Ciudad de México
Fondo de Cultura Económica
1979
|
| Udgivelse: | 2a. ed |
| Serier: | Colección Popular, 147
|
| Fag: | |
| Tags: |
Tilføj Tag
Ingen Tags, Vær først til at tagge denne postø!
|
MARC
| LEADER | 00000nam a2200000 a 4500 | ||
|---|---|---|---|
| 001 | UCH0159 | ||
| 003 | CL-VaPUC | ||
| 005 | 20210728001556.0 | ||
| 008 | 090108e19790000MX |||||||||||||||||spa|d | ||
| 999 | |c 332525 |d 332523 | ||
| 020 | |a 9681601904 | ||
| 040 | |c Pontificia Universidad Católica de Valparaíso | ||
| 082 | 0 | 4 | |a 901 |b KAN |2 21 |
| 245 | 1 | 0 | |a Filosofía de la historia |
| 250 | |a 2a. ed | ||
| 260 | |a Ciudad de México |b Fondo de Cultura Económica |c 1979 | ||
| 300 | |a 147 p | ||
| 490 | 0 | |a Colección Popular, 147 | |
| 583 | |a last modification |c 20130104 09:15:19 |k Rodrigo Vera | ||
| 650 | 0 | |a Filosofía de la historia |9 265651 | |
| 650 | 0 | |a Filosofía antigua |9 255705 | |
| 650 | 0 | |a Escuelas filosóficas |9 266232 | |
| 852 | |a BIBCUR | ||
| 942 | |c BK |2 ddc | ||
| 945 | |d 20090108 00:00:00 |a jtorresc | ||